LEADER 01459nam a2200301 u 4500 001 000000015430 003 CaOOAMICUS 005 20070226105858.0 008 941110s1968 is a u000 u fre u 035 $a10361435 040 $aPUL$bita 041 1 $afre$hita 100 1 $aBagatti, Bellarmino,$cO.F.M.,$d1905-$0(OLS)http://pul/name/111 245 12$aL'Eglise de la gentilité en Palestine (Ier-XIe siècle) /$cBellarmino Bagatti ; adaptation du manuscrit italien par Albert Storme. 260 $aJérusalem :$bImprimerie des PP. Franciscains,$c1968. 300 $avii, 355 p. :$bill. (facs., piante) ;$c25 cm 490 1 $aPublications du Studium Biblicum Franciscanum. Collection minor ;$vn. 4 500 $aComprende indici. 504 $aBibliografia: p. 317-329. 651 4$aPalestina$xStoria ecclesiastica$yEvo antico.$0(OLS)http://pul/subject/5946 700 1 $aStorme, Albert.$0(OLS)http://pul/name/14189 830 0$aCollectio minor (Studium Biblicum Franciscanum) ;$vn. 4.$0(OLS)http://pul/title/145 850 $aPUL 852 $aPUL$W1$xDP1 Fondo Maccarrone$y58$m1506 E 36$j21609$nBK-PRI$b $qFondi$B21609$CPULBib$Z2$F21609 $H $81 941 1 $a1 961 $aINV: 01889 -- Fondo Mons. M. Maccarrone 996 $6245$aL'Eglise de la gentilité en Palestine (Ier-XIe siècle)$9(OLS)http://pul/title/22142 996 $6260$aJérusalem :$bImprimerie des PP. Franciscains$9(OLS)http://pul/publisher/54703 LEADER 01469nam a2200349 a 4500 001 000000155192 003 CaOOAMICUS 005 20161018113024.0 008 161018s2016 it u000 u ita r 020 $a978-88-10-41213-8* 032 $aLibriCat 040 $aPUL$bita 041 1 $aita$hfre 082 04$a230 100 1 $aTheobald, Christoph,$cs.j.,$d1946-$0(OLS)http://pul/name/11344 240 13$aLe Concile Vatican II. Quel Avenir?$lItaliano.$0(OLS)http://pul/title/194834 245 12$aL'avvenire del Concilio :$bnuovi approcci al Vaticano II /$cChristoph Theobald. 260 $aBologna :$bEDB,$c©2016. 300 $a239 p. ;$c22 cm. 490 1 $aNuovi saggi teologici ;$v112 504 $aBibliografia in nota. 611 24$aConcilium Vaticanum$n(2 :$d1962-1965)$xCritica e interpretazione.$0(OLS)http://pul/subject/2088 830 0$aNuovi saggi teologici ;$v112.$0(OLS)http://pul/title/131917 850 $aPUL 852 $aPUL$W1$xSL Religione 3$y85$m230 COLL 5.1.112$j178251$qDDC 21$B181469$CPULBib$Z2$F181469 $H128206 $81 941 1 $a9 983 0$aCollana Nuovi saggi teologici. 996 $6020$a978-88-10-41213-8*$9(OLS)http://pul/number/161322 996 $6082$a230$9(OLS)http://pul/classification/368 996 $6245$aL'avvenire del Concilio :$bnuovi approcci al Vaticano II$9(OLS)http://pul/title/194835 996 $6260$aBologna :$bEDB$9(OLS)http://pul/publisher/56073